00936cam a22002411 450000100060000000300080000600500170001400800390003103500190007003500190008904000440010804100080015208200230016011000460018324501740022926000430040330000200044665100310046665100290049794200120052699900170053895201390055527337BD-RjUL20211209051136.0140325s1960 enk 000 0ceng a(BD-RjUL)27410 a(OCoLC)1091149 aDLCcOClUdOCoLCdUkdDLCdBD-RjULbeng aeng a920.0669bEMI 19602 aNigerian Broadcasting Corporation.98395110aEminent Nigerians of the nineteenth century :ba series of studies originally broadcast by the Nigerian Broadcasting Corporation /cby Nigerian Broadcasting Corporation. aCambridge :bUniversity Press,cc1960. a97 p. ;c19 cm. 0aNigeriavBiography.983950 0aNigeriaxHistory.983507 2ddccBK c27337d27337 00102ddc40728FICaRUCLbRUCLcReadingd1969-10-07eZetlingerg8.00l0o920.0669 EMI 1960r2014-03-25 00:00:00tC-1w2014-03-25yBK